El régimen especial de trabajadores autónomos: teoría, doctrina, y práctica, legislación y jurisprudencia

Gespeichert in:
Bibliographische Detailangaben
1. Verfasser: Blasco Lahoz, José Francisco (autor)
Format: Buch
Sprache:Spanisch
Veröffentlicht: Valencia, España Tirant lo Blanch 2005
Valencia Universitat de València 2005
Ausgabe:Primera edición
Schriftenreihe:Propuestas. Monografía
Schlagworte:
Tags: Tag hinzufügen
Keine Tags, Fügen Sie den ersten Tag hinzu!

MARC

LEADER 00000nam a2200000 a 4500
001 UCK7635
003 CL-VaPUC
005 20250114121926.0
008 051202e20050000sp |||||||||||||||||spa|d
999 |c 315487  |d 315485 
020 |a 84845632353 
020 |a 8437061628 
040 |c Pontificia Universidad Católica de Valparaíso 
082 0 4 |a 344.4601 BLA 2005  |2 21 
100 0 |a Blasco Lahoz, José Francisco  |e autor  |9 497153 
245 1 3 |a El régimen especial de trabajadores autónomos: teoría, doctrina, y práctica, legislación y jurisprudencia 
250 |a Primera edición 
260 0 3 |a Valencia, España  |b Tirant lo Blanch  |c 2005 
260 |a Valencia  |b Universitat de València  |c 2005 
300 |a 732 páginas 
490 0 |a Propuestas. Monografía 
583 |a last modification  |c 20170731 11:58:51  |k Rodrigo Vera 
650 7 |a DERECHO LABORAL  |2 CL-VaPUC  |9 15 
650 0 |a Trabajadores independientes  |9 388613 
650 0 |a Jurisprudencia  |9 255952 
650 7 |a COTIZACIONES PREVISIONALES  |2 CL-VaPUC  |9 387435 
650 0 |a Accidentes de trabajo  |9 254901 
650 0 |a Jubilación  |9 324403 
650 0 |a Ordenamiento jurídico   |9 355371 
651 0 |a España  |9 254926 
942 |c BK  |2 ddc 
945 |d 20051202 00:00:00  |a cmena 
952 |0 0  |1 0  |2 ddc  |4 0  |6 344_460100000000000_BLA_2005  |7 0  |8 A  |9 388792  |a BIBDER  |b BIBDER  |d 2019-11-22  |i 418873K  |o 344.4601 BLA 2005  |p 418873K  |r 2023-01-25  |t 1  |w 2019-11-22  |y BK  |k DER